00411nam a2200169Ia 4500008004100000020001800041245002000059245004600079260001500125260001600140260000900156300001400165300002500179300001000204500000800214999001900222170705s9999 xx 000 0 und d a9780545466967 aDino-baseball / cLisa Wheeler ; illustrated by Barry Gott. aNew York : bScholastic, c2010 aunpaged : bcolor illustration ; c20cm. a400 c335687d335687